Ocean Leisure Ltd v Westminster City Council (Record no. 74493)

MARC details
000 -LEADER
fixed length control field 01525cam a2200217 4500
008 - FIXED-LENGTH DATA ELEMENTS--GENERAL INFORMATION
fixed length control field 040806n2004 000 0 eng u
035 ## - SYSTEM CONTROL NUMBER
System control number (Sirsi) u127025
245 ## - TITLE STATEMENT
Title Ocean Leisure Ltd v Westminster City Council
260 ## - PUBLICATION, DISTRIBUTION, ETC.
Date of publication, distribution, etc. 2004
490 ## - SERIES STATEMENT
Series statement Rating and Valuation Reporter
Volume/sequential designation [2004] RVR 145-153(9)
520 ## - SUMMARY, ETC.
Summary, etc. LCA/30/2003, 3 February 2004. Under the River Thames (Hungerford Bridge) Order 1999, statutory powers were given for the construction of two footbridges across the river on either side of the Hungerford railway bridge. During the construction works, hoardings were erected in Northumberland Avenue and Victoria Embankment outside claimant O's premises leaving only a narrow passage between hoardings and O's shop frontages. The frontages were also obscured from view. O sought compensation (based on diminution in rental value) under the Compulsory Purchase Act 1965 s10 (as applied by Art 6 of the 1999 Order). O's claim for injurious affection was allowed on the grounds that in absence of statutory powers it would have had a right of action in public nuisance in respect of the obstruction of the highway by the hoardings.
650 ## - SUBJECT ADDED ENTRY--TOPICAL TERM
Topical term or geographic name entry element WESTMINSTER LBC V OCEAN LEISURE LTD
650 ## - SUBJECT ADDED ENTRY--TOPICAL TERM
Topical term or geographic name entry element COMPULSORY PURCHASE ACT 1965 S10
650 ## - SUBJECT ADDED ENTRY--TOPICAL TERM
Topical term or geographic name entry element INJURIOUS AFFECTION
650 ## - SUBJECT ADDED ENTRY--TOPICAL TERM
Topical term or geographic name entry element HOARDINGS
650 ## - SUBJECT ADDED ENTRY--TOPICAL TERM
Topical term or geographic name entry element OBSTRUCTION
650 ## - SUBJECT ADDED ENTRY--TOPICAL TERM
Topical term or geographic name entry element DIMUNITION IN VALUE
650 ## - SUBJECT ADDED ENTRY--TOPICAL TERM
Topical term or geographic name entry element HIGHWAY ACCESS
690 ## - LOCAL SUBJECT ADDED ENTRY--TOPICAL TERM (OCLC, RLIN)
Topical term or geographic name as entry element ENVIRONMENTAL AND LAND CONSULTANCY-PLANNING AND DEVELOPMENT-COMPULSORY PURCHASE AND COMPENSATION
942 ## - ADDED ENTRY ELEMENTS (KOHA)
Suppress in OPAC 0
Holdings
Withdrawn status Lost status Source of classification or shelving scheme Damaged status Not for loan Home library Current library Shelving location Date acquired Total Checkouts Full call number Barcode Date last seen Copy number Price effective from Koha item type
    Dewey Decimal Classification     London London Journal article 06/08/2004   X127025 127025-1001 06/08/2019 1 06/08/2019 Law report